Statistiken für Regionen Griechenlands

Klicken Sie hier um das Quiz zu spielen!

Allgemein

  • Dieses Quiz wurde 124 mal gespielt
  • Das Durchschnittsergebnis liegt bei 6 aus 13

Antwortstatistiken

HauptstadtRegion% Korrekt
HeraklionKreta
79%
ThessalonikiZentralmakedonien
71%
AthenAttika
64%
KomotiniOstmakedonien und Thrakien
58%
TripolisPeloponnes
51%
LarissaThessalien
47%
PatrasWestgriechenland
47%
KorfuIonische Inseln
42%
IoanninaEpirus
36%
KozaniWestmakedonien
35%
LamiaMittelgriechenland
19%
MytiliniNördliche Ägäis
19%
ErmoupolisSüdliche Ägäis
16%

Verteilung der Resultate

Perzentil nach korrekt beantworteten Fragen

Anzahl Personen mit jedem Resultat

Ihre Resultats-Entwicklung

Sie haben dieses Quiz noch nicht gespielt